Seminár z makroekonómie pre obchodné akadémie

Salvato in:
Dettagli Bibliografici
Autore principale: Lisý, Ján
Altri autori: Zámečníková, Zuzana, Hontyová, Kajetána, Jagošová, Iveta
Natura: Libro
Lingua:slovacco
Pubblicazione: Bratislava Slovenské pedagogické nakladateľstvo 2014
Edizione:2. uprav. vyd.
Soggetti:
Tags: Aggiungi Tag
Nessun Tag, puoi essere il primo ad aggiungerne!!

MARC

LEADER 00000nam a2200000 4500
001 0194197
005 20240502073242.2
020 |a 978-80-10-02655-5 
041 0 |a slo 
044 |a SK 
245 1 0 |a Seminár z makroekonómie pre obchodné akadémie  |c Ján Lisý, Zuzana Zámečníková ; lektorovali Kajetána Hontyová ... [et al.] 
250 |a 2. uprav. vyd. 
264 1 |a Bratislava  |b Slovenské pedagogické nakladateľstvo  |c 2014 
300 |a 141 s. [7 AH] 
610 2 0 |a makroekonomika 
610 2 0 |a ekonómia 
610 2 0 |a dejiny 
610 2 0 |a veda ekonomická 
610 2 0 |a myslenie ekonomické 
610 2 0 |a výroba 
610 2 0 |a trh 
610 2 0 |a výkonnosť ekonomiky 
610 2 0 |a peniaze 
610 2 0 |a inflácia 
610 2 0 |a nezamestnanosť 
610 2 0 |a rast hospodársky 
610 2 0 |a cykly hospodárske 
610 2 0 |a politika hospodárska 
610 2 0 |a hospodárstvo svetové 
610 2 0 |a vzťahy hospodárske medzinárodné 
610 2 0 |a obchod medzinárodný 
610 2 0 |a globalizácia hospodárstva 
100 1 |a Lisý, Ján 
700 1 |a Zámečníková, Zuzana 
700 1 |a Hontyová, Kajetána 
700 1 |a Jagošová, Iveta